| 000 | 00000nam##2200000za#4500 |
| 001 | 9.601649 |
| 003 | CaOODSP |
| 005 | 20210624210155 |
| 007 | cr ||||||||||| |
| 008 | 150406|2008||||xxc|||||o f|0| 0 fre|d |
| 040 | |aCaOODSP|bfre |
| 043 | |an-cn--- |
| 086 | 1 |aYC32-0/392-13F-PDF |
| 110 | 1 |aCanada. |bParlement. |bSénat. |bComité sénatorial permanent des droits de la personne. |
| 245 | 13|aLe Canada et le Conseil des droits de l'homme des Nations Unies : |h[ressource électronique]|bune réévaluation approfondie s'impose / |cL'honorable Raynell Andreychuk, présidente ; l'honorable Mobina S.B. Jaffer, vice-présidente. |
| 260 | |aOttawa - Ontario : |bSénat. |cJuin 2008. |
| 300 | |a53p.|bréférences |
| 490 | 1 |aRapport du Comité sénatorial permanent des Droits de la personne|v39e législature, 2e session, [13e rapport] |
| 590 | |a11-12-Supp|b2011-07-29 |
| 775 | 08|tCanada and the United Nations Human Rights Council : |w(CaOODSP)9.571006 |
| 830 | #0|aRapport du Comité sénatorial permanent des droits de la personne ;|v39e législature, 2e session, [13e rapport]|w(CaOODSP)9.501651 |
| 856 | 40|ahttp://publications.gc.ca|qPDF|s274 Ko|uhttps://publications.gc.ca/collections/collection_2011/sen/yc32-0/YC32-0-392-13-fra.pdf|y39e législature, 2e session, [13e rapport] |